Fair play? (Record no. 75077)
[ view plain ]
| 000 -LEADER | |
|---|---|
| fixed length control field | 01470cab a2200241 4500 |
| 001 - CONTROL NUMBER | |
| control field | L129342 |
| 008 - FIXED-LENGTH DATA ELEMENTS--GENERAL INFORMATION | |
| fixed length control field | 050413n2005 000 0 eng u |
| 035 ## - SYSTEM CONTROL NUMBER | |
| System control number | (Sirsi) u129342 |
| 041 ## - LANGUAGE CODE | |
| Language code of text/sound track or separate title | eng |
| 100 ## - MAIN ENTRY--PERSONAL NAME | |
| Personal name | McManus, Joe |
| 245 ## - TITLE STATEMENT | |
| Title | Fair play? |
| 260 ## - PUBLICATION, DISTRIBUTION, ETC. | |
| Date of publication, distribution, etc. | 2005 |
| 490 ## - SERIES STATEMENT | |
| Series statement | Solicitors' Journal |
| Volume/sequential designation | 149(13) 1 April 2005, 373-375(2) |
| 520 ## - SUMMARY, ETC. | |
| Summary, etc. | Gives details of recent judgments on the subject of damages from asbestos exposure. In "Grieves v Everard and Sons and British Uralite plc" ([2005] EWHC 88 (QB), The Times 22 March 2005) it was confirmed that those diagnosed with pleural plaques were entitled to damages.The judge stated that while the condition alone could not amount to a cause of action, 'where anxiety is engendered by physiological change' it can properly contribute to damage. In "Maguire v Harland and Wolff Plc" ([2005] EWCA Civ 01, The Times 27 January 2005) the CA found against the claimant who had been exposed to asbestos dust and developed mesothelioma in 2000. In the former case the parties have been given leave to appeal to the CA. |
| 590 ## - LOCAL NOTE (RLIN) | |
| Local note | IKA150405 |
| 650 ## - SUBJECT ADDED ENTRY--TOPICAL TERM | |
| Topical term or geographic name entry element | GRIEVES AND OTHERS V FT EVERARD AND SONS AND BRITISH URALITE PLC AND OTHERS |
| 650 ## - SUBJECT ADDED ENTRY--TOPICAL TERM | |
| Topical term or geographic name entry element | MAGUIRE V HARLAND AND WOLFF PLC |
| 650 ## - SUBJECT ADDED ENTRY--TOPICAL TERM | |
| Topical term or geographic name entry element | BARKER V SAINT GOBAIN PIPELINES PLC |
| 650 ## - SUBJECT ADDED ENTRY--TOPICAL TERM | |
| Topical term or geographic name entry element | FAIRCHILD V GLENHAVEN FUNERAL SERVICES LTD AND OTHERS |
| 650 ## - SUBJECT ADDED ENTRY--TOPICAL TERM | |
| Topical term or geographic name entry element | MESOTHELIOMA |
| 690 ## - LOCAL SUBJECT ADDED ENTRY--TOPICAL TERM (OCLC, RLIN) | |
| Topical term or geographic name as entry element | MANAGEMENT-HEALTH AND SAFETY-HAZARDOUS SUBSTANCES-ASBESTOS |
| 942 ## - ADDED ENTRY ELEMENTS (KOHA) | |
| Suppress in OPAC | 0 |
| Withdrawn status | Lost status | Source of classification or shelving scheme | Damaged status | Not for loan | Home library | Current library | Shelving location | Date acquired | Total Checkouts | Full call number | Barcode | Date last seen | Copy number | Price effective from | Koha item type |
|---|---|---|---|---|---|---|---|---|---|---|---|---|---|---|---|
| Dewey Decimal Classification | London | London | Journal article | 13/04/2005 | L129342 | 129342-1001 | 06/08/2019 | 1 | 06/08/2019 | Journal article |